MARC

LEADER 00000nam0a2200000 4500
001 103460
005 20231031113648.0
035 |a (RuTPU)RU\TPU\book\111551 
090 |a 103460 
100 |a 20061017d1979 m y0rusy50 ca 
101 0 |a rus 
102 |a RU 
105 |a y z 001zy 
200 1 |a Геология важнейших типов месторождений касситерит-сульфидной формации и факторы их оценки  |f Институт тектоники и геофизики; под ред. М. И. Ициксона 
210 |a Москва  |c Наука  |d 1979 
215 |a 83 с. 
320 |a Библиогр.: с. 79-82. 
610 1 |a касситерит-сульфидные месторождения 
610 1 |a геология 
610 1 |a оловорудные месторождения 
610 1 |a обобщение 
675 |a 553.45  |v 3 
702 1 |a Ициксон  |b М. И.  |g Мирон Ильич  |4 340 
712 0 2 |a Академия наук СССР (АН СССР)  |b Дальневосточный научный центр  |b Институт тектоники и геофизики им. Ю. А. Косыгина (ИТиГ)  |c (Хабаровск)  |2 stltpush  |3 (RuTPU)RU\TPU\col\11505 
801 1 |a RU  |b 63413507  |c 20061017  |g PSBO 
801 2 |a RU  |b 63413507  |c 20071114  |g PSBO 
942 |c BK